000 00550nam a2200181Ia 4500
003 GCL
008 140319s9999 xx 000 0 ara d
040 _aGCL /
_cGCL
082 0 4 _a181
_bع و
100 1 _aعبدالباسط سيد
245 1 0 _aالوعى الاسطورى الى بدايات التفكير الفلسفى النظرى (بلاد الرافدين تحديدا) /
_cعبدالباسط سيد
300 _a341 ص
490 _a
650 0 4 _aتاريخ
650 0 4 _aالفلسفة
650 0 4 _aنظريات
942 _2ddc
_cBK
999 _c44217
_d44217